Beacon Hill : a walking tour /

Bibliographic Details
Main Author: McIntyre, Alex McVoy
Format: Book
Language:English
Published: Boston : Little, Brown, [1975]
Edition:1st ed.
Subjects:

MARC

Tag First Indicator Second Indicator Subfields
LEADER 00000pam a2200000 i 4500
001 in00000357939
005 20151011065545.0
008 750523s1975 maua 00010 eng
010 |a  75016449  
020 |a 0316556009 
035 |a (OCoLC)01500269 
035 |9 ABN6499AM 
040 |a DLC  |c DLC  |d TXA  |d UtOrBLW 
043 |a n-us-ma 
049 |a TXAM  |c [1436492] 
050 0 0 |a F73.68.B4  |b M32 
082 0 |a 917.44/61 
100 1 |a McIntyre, Alex McVoy. 
245 1 0 |a Beacon Hill :  |b a walking tour /  |c by A. McVoy McINtyre ; photos. by William Clift, drawings by Robert Polomski. 
250 |a 1st ed. 
264 1 |a Boston :  |b Little, Brown,  |c [1975] 
264 4 |c ©1975 
300 |a 118 pages :  |b illustrations ;  |c 21 cm. 
336 |a text  |b txt  |2 rdacontent 
337 |a unmediated  |b n  |2 rdamedia 
338 |a volume  |b nc  |2 rdacarrier 
651 0 |a Beacon Hill, Boston. 
651 0 |a Boston (Mass.)  |x Tours  |y 1951- 
999 |a MARS 
999 f f |s fe3f68b4-f285-3eef-acfd-65f3e9641434  |i 9b8621be-bc23-3624-910a-cb23666be049  |t 0 
952 f f |p ric  |a Texas A&M University  |b Rellis Campus  |c Joint Library Facility  |d Remote Storage  |t 0  |e F73.68.B4 M32  |h Library of Congress classification  |i unmediated -- volume  |m A14802268415 
998 f f |a F73.68.B4 M32  |t 0  |l Remote Storage